21 Guns - Statistics

General Stats
  • This quiz has been taken 13 times
  • The average score is 179 of 247
Answer Stats
Lyrics % Correct
21
100%
a
100%
guns,
100%
I.
100%
in
100%
you
100%
your
100%
Your
100%
and
90%
And
90%
fight.
90%
into
90%
it
90%
on
90%
sky,
90%
sky
90%
the
90%
throw
90%
up
90%
arms,
80%
arms
80%
die.
80%
for
80%
for?
80%
give
80%
One,
80%
ruins.
80%
to
80%
You're
80%
you're
80%
Do
70%
dying
70%
fighting
70%
it's
70%
know
70%
not
70%
take
70%
what's
70%
when
70%
When
70%
worth
70%
away
60%
breath
60%
Does
60%
down
60%
feel
60%
heart
60%
lay
60%
look
60%
place
60%
suffocating?
60%
time
60%
yourself
60%
at
50%
break
50%
can't
50%
Did
50%
end
50%
have
50%
hide.
50%
inside?
50%
inside
50%
last.
50%
let
50%
live
50%
looking
50%
lost
50%
of
50%
own,
50%
road,
50%
someone
50%
too
50%
you've
50%
all
40%
close
40%
control.
40%
fire
40%
forgiveness
40%
from
40%
has
40%
liar
40%
like
40%
out
40%
pain
40%
pride?
40%
sense
40%
soul.
40%
spirit
40%
stand
40%
taken
40%
this
40%
try
40%
try.
40%
weigh
40%
another
30%
breaks
30%
broken
30%
died.
30%
get
30%
mind
30%
Something
30%
stone?
30%
their
30%
thoughts
30%
toll,
30%
built
20%
burned
20%
doesn't
20%
ever
20%
faith
20%
glass.
20%
hangover
20%
home?
20%
house
20%
Nothing's
20%
pass.
20%
walks
20%
No matching quizzes found
Score Distribution
Percent of People with Each Score
Percentile by Number Answered
Your Score History
You have not taken this quiz